Aim to redress skills gap (Record no. 64506)

MARC details
000 -LEADER
fixed length control field 01097cam a2200217 4500
001 - CONTROL NUMBER
control field WB3633-16
008 - FIXED-LENGTH DATA ELEMENTS--GENERAL INFORMATION
fixed length control field 000000n2000 000 0 eng u
035 ## - SYSTEM CONTROL NUMBER
System control number (Sirsi) u107977
245 ## - TITLE STATEMENT
Title Aim to redress skills gap
260 ## - PUBLICATION, DISTRIBUTION, ETC.
Date of publication, distribution, etc. 2000
490 ## - SERIES STATEMENT
Series statement Construction News
Volume/sequential designation (6679) 17 August 2000, 5(1)
520 ## - SUMMARY, ETC.
Summary, etc. In September the Construction Industry Training Board (CITB), the Construction Industry Council (CIC) and the Construction Confederation meet to develop 'work-related' foundation courses aimed at solving the skills shortage in the industry. Latest figures from the Universities and Colleges Admissions Services reveal that applicants to construction and civil engineering courses dropped by about 40% between 1994-1999. Contact the CIC on 020 7323 9312 for information on attending the workshop.
590 ## - LOCAL NOTE (RLIN)
Local note WB
650 ## - SUBJECT ADDED ENTRY--TOPICAL TERM
Topical term or geographic name entry element SKILLS SHORTAGE
650 ## - SUBJECT ADDED ENTRY--TOPICAL TERM
Topical term or geographic name entry element CONSTRUCTION INDUSTRY TRAINING BOARD
650 ## - SUBJECT ADDED ENTRY--TOPICAL TERM
Topical term or geographic name entry element CONSTRUCTION CONFEDERATION
650 ## - SUBJECT ADDED ENTRY--TOPICAL TERM
Topical term or geographic name entry element CONSTRUCTION INDUSTRY COUNCIL
650 ## - SUBJECT ADDED ENTRY--TOPICAL TERM
Topical term or geographic name entry element CONSTRUCTION INDUSTRY
690 ## - LOCAL SUBJECT ADDED ENTRY--TOPICAL TERM (OCLC, RLIN)
Topical term or geographic name as entry element CAREERS, EDUCATION AND TRAINING
942 ## - ADDED ENTRY ELEMENTS (KOHA)
Suppress in OPAC 0
Holdings
Withdrawn status Lost status Source of classification or shelving scheme Damaged status Not for loan Home library Current library Shelving location Date acquired Total Checkouts Full call number Barcode Date last seen Copy number Price effective from Koha item type
    Dewey Decimal Classification     London London News article 24/08/2000   WB3633-16 107977-1001 06/08/2019 1 06/08/2019 News article